|
|
|
|
| LEADER |
00000nab a2200000 a 4500 |
| 001 |
vtls008964147 |
| 003 |
SK-MaSNL |
| 005 |
20260303070806.0 |
| 008 |
070416c20070407xo mr| 0 0slo |
| 038 |
|
|
|a RVGKPD
|
| 040 |
|
|
|a RVGKPD
|b slo
|c RVGKPD
|e AACR2
|
| 041 |
|
|
|a slo
|
| 044 |
|
|
|a xo
|c SK
|
| 080 |
|
|
|a 351.754.6
|2 1997
|
| 100 |
1 |
|
|a Mazurková, Renáta,
|d 1972-
|4 aut
|9 859052
|
| 245 |
1 |
0 |
|a Každú nevytriedenú tonu odpadu zaplatíme z vlastného
|c Renáta Mazurková
|
| 300 |
|
|
|b Fotogr.
|
| 650 |
0 |
7 |
|a separovaný zber odpadu
|2 rvgkpd
|9 29387
|
| 651 |
|
7 |
|a Rožňava (Slovensko)
|2 rvgkpd
|9 17394
|
| 773 |
0 |
|
|t Korzár : Gemerský denník
|g Roč. IX, č. 81 (7.4.2007), s. 1
|x 1335-7581
|
| 852 |
|
|
|a RVGKPD
|b KIS3G
|
| 992 |
|
|
|a RBX
|
| 999 |
|
|
|c 1756957
|d 1758887
|